মনোবিদ্যা / (Record no. 3852)

MARC details
000 -LEADER
fixed length control field 00764nam a22002177a 4500
001 - CONTROL NUMBER
control field BD-DhSAU 3852
003 - CONTROL NUMBER IDENTIFIER
control field BD-DhSAU
005 - DATE AND TIME OF LATEST TRANSACTION
control field 20150210132209.0
008 - FIXED-LENGTH DATA ELEMENTS--GENERAL INFORMATION
fixed length control field 150127b1977 ii a||||r|||| 000 0 ben d
040 ## - CATALOGING SOURCE
Original cataloging agency BD-DhSAU
082 ## - DEWEY DECIMAL CLASSIFICATION NUMBER
Edition number 22
Classification number ১৫০
Item number জগম
100 ## - MAIN ENTRY--PERSONAL NAME
Personal name সান্যাল, জগদীশ্বর.
245 ## - TITLE STATEMENT
Title মনোবিদ্যা /
Statement of responsibility, etc. জগদীশ্বর সান্যাল.
250 ## - EDITION STATEMENT
Edition statement ৩য় সংস্করণ
260 ## - PUBLICATION, DISTRIBUTION, ETC. (IMPRINT)
Place of publication, distribution, etc. কলিকাতা :
Name of publisher, distributor, etc. শ্রীভূমি পাব. কো. ,
Date of publication, distribution, etc. ১৯৭৭.
300 ## - PHYSICAL DESCRIPTION
Extent ৭৯৬ পৃ. :
Other physical details চিত্র ;
Dimensions ২১ সেমি।
590 ## - Name of Cataloguer
Name of Cataloger erfat
650 ## - SUBJECT ADDED ENTRY--TOPICAL TERM
Topical term or geographic name as entry element Horticulture.
650 ## - SUBJECT ADDED ENTRY--TOPICAL TERM
Topical term or geographic name as entry element মনোবিদ্যা।
650 ## - SUBJECT ADDED ENTRY--TOPICAL TERM
Topical term or geographic name as entry element Psychology.
942 ## - ADDED ENTRY ELEMENTS (KOHA)
Source of classification or shelving scheme Dewey Decimal Classification
Koha item type Book
Holdings
Withdrawn status Lost status Source of classification or shelving scheme Damaged status Not for loan Home library Branch Name Shelving location Date acquired Total Checkouts Full call number Barcode Date last seen Price effective from Koha item type
    Dewey Decimal Classification     SAU Library SAU Library General Stacks 15/09/1989   ১৫০ জগম 4318 10/02/2015 10/02/2015 Book
    Dewey Decimal Classification     SAU Library SAU Library General Stacks 15/09/1989   ১৫০ জগম 4320 10/02/2015 10/02/2015 Book